[Event "I Festival Costa Viola B"]
[Site "Bagnara Calabra ITA"]
[Date "2008.01.03"]
[Round "2"]
[White "Rizzuti, Pasquale"]
[Black "Arcidiaco, Francesco"]
[Result "1-0"]
[WhiteElo "1832"]
[BlackElo "1575"]
[PlyCount "73"]
[EventDate "2008.01.02"]

1. Nf3 d5 2. d4 Nf6 3. Bf4 Bf5 4. e3 e6 5. c4 c6 6. a3 Nh5 7. Bxb8 Rxb8 8. Nc3
Nf6 9. Be2 Bg4 10. h3 Bxf3 11. Bxf3 dxc4 12. Qa4 Bd6 13. Qxc4 O-O 14. O-O Nd5
15. Ne4 Nf6 16. Nxd6 Qxd6 17. b4 a6 18. Rfd1 Rbd8 19. Rd3 Nd7 20. Rad1 Qe7 21.
e4 h6 22. g3 Nf6 23. h4 Rd7 24. d5 exd5 25. exd5 cxd5 26. Bxd5 Nxd5 27. Rxd5
Rxd5 28. Qxd5 Rc8 29. Qf5 Rd8 30. Rc1 g6 31. Qf4 Kg7 32. Rc7 Qe6 33. Qf3 b5 34.
Rc6 Qe1+ 35. Kg2 Rd1 36. Qf6+ Kg8 37. Rc8+ 1-0

[Event "I Festival Costa Viola B"]
[Site "Bagnara Calabra ITA"]
[Date "2008.01.03"]
[Round "2"]
[White "Russo, Biagio"]
[Black "Mercurio, Rosario"]
[Result "1-0"]
[WhiteElo "1407"]
[BlackElo "1405"]
[PlyCount "81"]
[EventDate "2008.01.02"]

1. d4 Nf6 2. c4 c5 3. d5 b5 4. b3 bxc4 5. bxc4 Ba6 6. e3 d6 7. Bd3 g6 8. Bb2
Bg7 9. Ne2 O-O 10. O-O Nbd7 11. Nd2 Ne5 12. Bxe5 dxe5 13. e4 e6 14. Nb3 Rc8 15.
Nc3 Re8 16. Qd2 Re7 17. Na4 Nd7 18. Qe3 Qc7 19. Rab1 Bf8 20. Rfd1 Ree8 21. Be2
Red8 22. Rd2 Kg7 23. Rbd1 Bb7 24. Qc3 exd5 25. exd5 Bd6 26. Rd3 Nf6 27. g3 Rb8
28. Nd2 Bc8 29. Bf1 Bf5 30. Re3 Ng4 31. Re2 Re8 32. Rde1 f6 33. Ne4 Bxe4 34.
Rxe4 f5 35. R4e2 Rb4 36. Nb2 Nh6 37. Nd3 Rb7 38. Nxe5 Re7 39. Nc6+ Kf7 40. Nxe7
Kf8 41. Qh8+ 1-0

[Event "I Festival Costa Viola B"]
[Site "Bagnara Calabra ITA"]
[Date "2008.01.03"]
[Round "2"]
[White "Scalise, Sandro"]
[Black "Familari, Giuseppe"]
[Result "1/2-1/2"]
[WhiteElo "1607"]
[BlackElo "1765"]
[PlyCount "163"]
[EventDate "2008.01.02"]

1. d4 Nf6 2. Nc3 d5 3. Bg5 Nbd7 4. Qd3 h6 5. Bxf6 Nxf6 6. O-O-O e6 7. e4 dxe4
8. Nxe4 Be7 9. Nf3 b6 10. Ne5 O-O 11. Nc6 Qd7 12. Nxe7+ Qxe7 13. Qf3 Nxe4 14.
Qxe4 Rb8 15. Bd3 g6 16. f3 Bb7 17. Qe5 Qg5+ 18. Kb1 Qxe5 19. dxe5 Rfd8 20. Be2
Kf8 21. Rxd8+ Rxd8 22. Rd1 Rxd1+ 23. Bxd1 g5 24. c4 h5 25. Kc2 Kg7 26. Kd3 Kg6
27. b4 c5 28. bxc5 bxc5 29. Ba4 Kf5 30. Be8 Kxe5 31. Bxf7 h4 32. Ke3 Bc6 33. g3
a5 34. Bg6 Ba4 35. Be4 Be8 36. f4+ gxf4+ 37. gxf4+ Kf6 38. Bf3 Bg6 39. Be4 Bf5
40. Bxf5 Kxf5 41. Kf3 a4 42. a3 e5 43. fxe5 Kxe5 44. Kg4 Kd4 45. Kxh4 Kxc4 46.
Kg4 Kb3 47. h4 c4 48. h5 c3 49. h6 c2 50. h7 c1=Q 51. h8=Q Qc4+ 52. Kf5 Qc2+
53. Kg4 Kxa3 54. Qa1+ Kb3 55. Kg5 a3 56. Qe5 Qd2+ 57. Kg6 a2 58. Qg3+ Kb2 59.
Qe5+ Qc3 60. Qb5+ Qb3 61. Qe5+ Kc1 62. Qe1+ Qd1 63. Qe3+ Kb1 64. Qb6+ Kc1 65.
Qe3+ Qd2 66. Qc5+ Kb2 67. Qb6+ Ka3 68. Qc5+ Ka4 69. Qc4+ Ka5 70. Qc5+ Ka4 71.
Qc4+ Ka3 72. Qc5+ Kb3 73. Qb5+ Qb4 74. Qd3+ Kb2 75. Qe2+ Ka1 76. Qe5+ Qb2 77.
Qd5 Qc2+ 78. Kf7 Kb2 79. Qd4+ Kb1 80. Qg1+ Kb2 81. Qg7+ Ka3 82. Qf8+ 1/2-1/2

[Event "I Festival Costa Viola B"]
[Site "Bagnara Calabra ITA"]
[Date "2008.01.03"]
[Round "2"]
[White "Tricomi, Massimo"]
[Black "Paragliola, Gennaro"]
[Result "1/2-1/2"]
[WhiteElo "1888"]
[BlackElo "1623"]
[PlyCount "106"]
[EventDate "2008.01.02"]

1. d4 Nf6 2. Nf3 b6 3. g3 Bb7 4. Bg2 e6 5. c4 c5 6. e3 Be7 7. O-O O-O 8. Nc3 d5
9. b3 Na6 10. Bb2 Nc7 11. Ne5 Nd7 12. f4 f6 13. Nxd7 Qxd7 14. Qd2 Rad8 15. Rad1
cxd4 16. exd4 Ba6 17. cxd5 Bxf1 18. dxe6 Nxe6 19. Bxf1 Nxd4 20. Bc4+ Kh8 21.
Kg2 Qc6+ 22. Bd5 Rxd5 23. Nxd5 Qxd5+ 24. Kf1 Qh1+ 25. Kf2 Qxh2+ 26. Kf1 Qh3+
27. Kf2 Qh2+ 28. Kf1 Qxd2 29. Rxd2 Nf5 30. g4 Ne3+ 31. Kf2 Bc5 32. Bd4 Bxd4 33.
Rxd4 Nxg4+ 34. Kg3 f5 35. Rd7 Ra8 36. Kh4 Kg8 37. Kg5 g6 38. Rb7 Ne3 39. Kh6
Ng4+ 40. Kg5 Rf8 41. Rxa7 Rf7 42. Ra8+ Kg7 43. Rb8 h6+ 44. Kh4 Rf6 45. Rb7+ Kf8
46. a4 Ne3 47. Rh7 Nd5 48. Rxh6 Nxf4 49. Kg5 Nd5 50. Rh8+ Kg7 51. Rd8 Nb4 52.
Rd7+ Rf7 53. Rd6 f4 1/2-1/2

[Event "I Festival Costa Viola B"]
[Site "Bagnara Calabra ITA"]
[Date "2008.01.04"]
[Round "3"]
[White "Arcidiaco, Francesco"]
[Black "Russo, Biagio"]
[Result "1-0"]
[WhiteElo "1575"]
[BlackElo "1407"]
[PlyCount "71"]
[EventDate "2008.01.02"]

1. e4 e6 2. d4 d5 3. e5 c5 4. c3 Nc6 5. Nf3 Qb6 6. Bd3 Bd7 7. dxc5 Bxc5 8. O-O
Nge7 9. b4 Nxb4 10. cxb4 Bxb4 11. Be3 Bc5 12. Bxc5 Qxc5 13. Nbd2 Nc6 14. Nb3
Qb6 15. Rc1 O-O 16. Nc5 Rfd8 17. Kh1 Qc7 18. Re1 h6 19. Nb3 Qb6 20. Re2 Nb4 21.
Rb2 Nxd3 22. Qxd3 Bb5 23. Qb1 a6 24. Nbd4 Rab8 25. a4 Bd3 26. Rxb6 Bxb1 27.
Rcxb1 Rd7 28. Nb3 Rc7 29. g3 Rc4 30. a5 Kf8 31. Nfd2 Rc2 32. Kg1 Ke8 33. Rc1
Rxc1+ 34. Nxc1 Kd7 35. Ndb3 Kc7 36. Nd4 1-0

[Event "I Festival Costa Viola B"]
[Site "Bagnara Calabra ITA"]
[Date "2008.01.04"]
[Round "3"]
[White "Barbera, Giuseppe"]
[Black "Ceravolo, Alberto"]
[Result "0-1"]
[WhiteElo "1492"]
[BlackElo "1652"]
[PlyCount "70"]
[EventDate "2008.01.02"]

1. e4 e6 2. Nf3 c5 3. c4 Nc6 4. Nc3 d6 5. Be2 Nge7 6. d4 cxd4 7. Nxd4 Nxd4 8.
Qxd4 Nc6 9. Qd1 Be7 10. O-O a6 11. f4 Qb6+ 12. Kh1 O-O 13. Na4 Qd4 14. Qxd4
Nxd4 15. Bd3 Bd7 16. Be3 Bf6 17. c5 Bxa4 18. cxd6 Bc2 19. Bxa6 Bxe4 20. Bc4 Nc2
21. Bc5 Nxa1 22. Rxa1 Rac8 23. Re1 Bxg2+ 24. Kxg2 Rxc5 25. Bb3 Rd8 26. Rd1 g6
27. Rd2 b5 28. a4 bxa4 29. Bxa4 Rd5 30. Rxd5 exd5 31. d7 Bxb2 32. Kf3 Kf8 33.
Ke3 Ke7 34. Kd3 d4 35. h3 f5 0-1

[Event "I Festival Costa Viola B"]
[Site "Bagnara Calabra ITA"]
[Date "2008.01.04"]
[Round "3"]
[White "Cannataro, Luciano"]
[Black "Fariselli, Umberto"]
[Result "1-0"]
[WhiteElo "1891"]
[BlackElo "1512"]
[PlyCount "89"]
[EventDate "2008.01.02"]

1. d4 d5 2. c4 e6 3. Nc3 c6 4. cxd5 exd5 5. Bf4 Nd7 6. e3 Be7 7. Bd3 Ngf6 8.
Qc2 Nf8 9. h3 Bd6 10. Nge2 Ne6 11. O-O-O Nxf4 12. Nxf4 Bxf4 13. exf4 O-O 14. g4
g6 15. Rdg1 Kh8 16. f3 Re8 17. h4 Qd6 18. Qd2 Bd7 19. h5 Rg8 20. hxg6 fxg6 21.
Ne2 Rac8 22. Ng3 c5 23. dxc5 Qxc5+ 24. Kb1 d4 25. g5 Ne8 26. Qh2 Qe7 27. f5 Rg7
28. f6 Nxf6 29. gxf6 Qxf6 30. Qf2 Re8 31. Ne4 Qb6 32. Qh4 Bf5 33. Qf2 a5 34.
Rc1 Qd8 35. Nc5 Bxd3+ 36. Nxd3 Re3 37. Rcd1 b6 38. Nc1 Rge7 39. Rhe1 Rxe1 40.
Rxe1 Rxe1 41. Qxe1 Qf6 42. Qe4 Kg7 43. Ne2 Qf5 44. Nxd4 Qxe4+ 45. fxe4 1-0

[Event "I Festival Costa Viola B"]
[Site "Bagnara Calabra ITA"]
[Date "2008.01.04"]
[Round "3"]
[White "Familari, Giuseppe"]
[Black "Carbone, Stefano"]
[Result "1-0"]
[WhiteElo "1765"]
[BlackElo "1569"]
[PlyCount "83"]
[EventDate "2008.01.02"]

1. Nf3 c5 2. c4 Nc6 3. g3 g6 4. Bg2 Bg7 5. O-O e5 6. d3 Nge7 7. e4 d6 8. Nc3
O-O 9. Bg5 f6 10. Be3 Bg4 11. Qd2 Bxf3 12. Bxf3 Nd4 13. Bxd4 cxd4 14. Nd5 Nxd5
15. exd5 f5 16. b4 Rc8 17. Qc2 Qd7 18. a4 g5 19. h3 b6 20. g4 f4 21. a5 Qe7 22.
axb6 axb6 23. Ra6 Qb7 24. Rfa1 Rfe8 25. Ra7 Qb8 26. Be4 Rc7 27. Qa4 Rxa7 28.
Qxa7 h6 29. Qd7 Qd8 30. Ra7 Qxd7 31. Rxd7 Bf8 32. Rb7 Re7 33. Rxb6 Rc7 34. Rc6
Rb7 35. b5 Kf7 36. Bf5 Be7 37. Bc8 Ra7 38. Ra6 Rc7 39. Ra8 Bd8 40. b6 Rxc8 41.
b7 Rxc4 42. dxc4 1-0

[Event "I Festival Costa Viola B"]
[Site "Bagnara Calabra ITA"]
[Date "2008.01.04"]
[Round "3"]
[White "Luvera', Filippo"]
[Black "Altomonte, Giuseppe"]
[Result "1/2-1/2"]
[WhiteElo "1850"]
[BlackElo "1734"]
[PlyCount "113"]
[EventDate "2008.01.02"]

1. e4 c5 2. c3 d5 3. exd5 Qxd5 4. d4 cxd4 5. cxd4 Nc6 6. Nf3 Nf6 7. Nc3 Qd6 8.
Nb5 Qd8 9. Be2 a6 10. Nc3 e6 11. O-O Be7 12. a3 O-O 13. Be3 b5 14. Rc1 Bb7 15.
Qb3 Na5 16. Qa2 Rc8 17. b4 Nc4 18. Bxc4 Rxc4 19. Ne5 Rc8 20. Qd2 Ne4 21. Nxe4
Bxe4 22. Nd3 Qd5 23. Nf4 Qb3 24. f3 Bg6 25. Nxg6 hxg6 26. Rxc8 Rxc8 27. Rc1 Rc4
28. d5 exd5 29. Bc5 Bf6 30. Re1 Rc2 31. Qf4 Qc3 32. Bf2 Qd2 33. Qg3 Rc1 34. h3
Bd4 35. Rxc1 Qxc1+ 36. Kh2 Bxf2 37. Qxf2 Qf4+ 38. Kh1 d4 39. Qc2 Qe3 40. Qc8+
Kh7 41. Qd8 d3 42. Qh4+ Qh6 43. Qd4 d2 44. f4 d1=Q+ 45. Qxd1 Qxf4 46. Qd8 f6
47. Qc8 Qd6 48. Qg4 Qe5 49. Qh4+ Kg8 50. Qg4 Kf7 51. Qd7+ Qe7 52. Qd5+ Qe6 53.
Qb7+ Kg8 54. Qb8+ Kh7 55. Qg3 Qe5 56. Qh4+ Kg8 57. Qg4 1/2-1/2

[Event "I Festival Costa Viola B"]
[Site "Bagnara Calabra ITA"]
[Date "2008.01.04"]
[Round "3"]
[White "Mercuri, Delia"]
[Black "Gad, Alessandro"]
[Result "0-1"]
[WhiteElo "1448"]
[BlackElo "1533"]
[PlyCount "80"]
[EventDate "2008.01.02"]

1. e4 c5 2. c3 d5 3. exd5 Qxd5 4. Nf3 Nf6 5. d4 Bg4 6. Be2 e6 7. Be3 Nc6 8. O-O
O-O-O 9. Nbd2 Kb8 10. Nc4 Bxf3 11. Bf4+ Kc8 12. Ne5 Bxe2 13. Qxe2 Nxe5 14. Bxe5
Bd6 15. Rfd1 Qc6 16. f4 h5 17. b4 c4 18. a4 Bxe5 19. b5 Qe4 20. Qxc4+ Kb8 21.
fxe5 Qe3+ 22. Kh1 Ne4 23. Ra2 Nf2+ 24. Rxf2 Qxf2 25. Rf1 Qd2 26. Qb4 Rh6 27. a5
Qe2 28. Kg1 Rg6 29. Rf2 Qe1+ 30. Rf1 Qe4 31. Rf2 Rc8 32. Qd6+ Ka8 33. Qd7 Rxg2+
34. Kf1 Rxf2+ 35. Kxf2 Qc2+ 36. Kg1 Qxc3 37. a6 Qc7 38. Qd6 Qxd6 39. exd6 bxa6
40. bxa6 Rd8 0-1

[Event "I Festival Costa Viola B"]
[Site "Bagnara Calabra ITA"]
[Date "2008.01.04"]
[Round "3"]
[White "Musico', Guglielmo"]
[Black "Rizzuti, Pasquale"]
[Result "0-1"]
[WhiteElo "1548"]
[BlackElo "1832"]
[PlyCount "93"]
[EventDate "2008.01.02"]

1. d4 d5 2. c4 c6 3. Nc3 Nf6 4. Nf3 dxc4 5. a4 Be6 6. e4 Na6 7. Ne5 Nc7 8. Bxc4
Bxc4 9. Nxc4 e6 10. Bg5 Be7 11. e5 Nfd5 12. Bxe7 Kxe7 13. Ne4 Ne8 14. O-O Kf8
15. f4 g6 16. Qb3 Rb8 17. Qf3 Kg7 18. Qg3 Ne7 19. Ncd6 Nf5 20. Nxe8+ Rxe8 21.
Qf2 Qxd4 22. Qxd4 Nxd4 23. g3 Red8 24. Kf2 Rd5 25. Rfd1 Rbd8 26. Nc3 R5d7 27.
Ne4 Rd5 28. Nc3 Nb3 29. Rab1 Rxd1 30. Rxd1 Rxd1 31. Nxd1 Nc5 32. Nc3 Nd3+ 33.
Ke2 Nxb2 34. Kd2 f6 35. Kc2 Nc4 36. Kd3 Nb6 37. Kd4 Nd7 38. Ne4 fxe5+ 39. fxe5
b6 40. Nd6 Nc5 41. Ne8+ Kf8 42. Nf6 h5 43. h3 Nxa4 44. g4 hxg4 45. hxg4 Nc5 46.
g5 Ke7 47. Ng4 0-1

[Event "I Festival Costa Viola B"]
[Site "Bagnara Calabra ITA"]
[Date "2008.01.04"]
[Round "3"]
[White "Paragliola, Gennaro"]
[Black "Garofalo, Massimo"]
[Result "0-1"]
[WhiteElo "1623"]
[BlackElo "1745"]
[PlyCount "47"]
[EventDate "2008.01.02"]

1. d4 Nf6 2. c4 g6 3. Nc3 Bg7 4. Nf3 d6 5. e4 Bg4 6. h3 Bxf3 7. Qxf3 Nc6 8. Be3
O-O 9. a3 Nd7 10. Rd1 Qe8 11. Be2 e6 12. O-O f5 13. exf5 gxf5 14. Qh5 Qxh5 15.
Bxh5 f4 16. d5 exd5 17. cxd5 fxe3 18. dxc6 exf2+ 19. Rxf2 Rxf2 20. Kxf2 Rf8+
21. Bf3 bxc6 22. Kg1 Ne5 23. Be2 Bh6 24. Rd4 0-1

[Event "I Festival Costa Viola B"]
[Site "Bagnara Calabra ITA"]
[Date "2008.01.04"]
[Round "3"]
[White "Rametta, Marcello"]
[Black "Scalise, Sandro"]
[Result "1-0"]
[WhiteElo "1741"]
[BlackElo "1607"]
[PlyCount "71"]
[EventDate "2008.01.02"]

1. e4 Nf6 2. Nc3 d5 3. exd5 Nxd5 4. Nxd5 Qxd5 5. Nf3 Nc6 6. Be2 Bf5 7. d3 O-O-O
8. O-O e5 9. Be3 h5 10. c4 Qd7 11. Ng5 f6 12. Ne4 h4 13. Qb3 Bxe4 14. dxe4 Nd4
15. Bxd4 exd4 16. h3 Qc6 17. Rfd1 Bc5 18. Rd3 Qb6 19. Qc2 Rhe8 20. Bf3 Kb8 21.
a3 Qe6 22. b4 Bf8 23. Rad1 c5 24. bxc5 Bxc5 25. Qa4 Rd6 26. Qb5 a6 27. Qxc5 Rc8
28. Qh5 Rxc4 29. Qxh4 g5 30. Qg3 Ka7 31. Qg4 Qe5 32. Qf5 Qe7 33. Rb1 Qc7 34. e5
Rb6 35. Rxb6 Qxb6 36. Qxf6 1-0

[Event "I Festival Costa Viola B"]
[Site "Bagnara Calabra ITA"]
[Date "2008.01.04"]
[Round "3"]
[White "Vasta, Gianfranco"]
[Black "Alvaro, Francesco"]
[Result "0-1"]
[WhiteElo "1712"]
[BlackElo "1488"]
[PlyCount "68"]
[EventDate "2008.01.02"]

1. d4 Nf6 2. c4 e6 3. Bg5 d5 4. Nf3 c5 5. e3 Be7 6. Bd3 O-O 7. O-O cxd4 8. cxd5
dxe3 9. Bxe3 exd5 10. Qc2 Nc6 11. a3 d4 12. Bg5 h6 13. Bxf6 Bxf6 14. Nbd2 Be6
15. Rac1 Re8 16. Qb1 Bg5 17. Nxg5 Qxg5 18. Nf3 Qf6 19. b4 Bg4 20. Be4 Bxf3 21.
Bxf3 Rad8 22. Rfd1 Rd6 23. Rc5 g6 24. Be4 b6 25. Rc4 Qe6 26. Rdc1 f5 27. Bd3
Red8 28. R4c2 Ne5 29. Re2 Qf6 30. Qb3+ Kg7 31. Rc7+ R6d7 32. Rec2 Nxd3 33. Qxd3
Qe5 34. Qc4 d3 0-1

[Event "I Festival Costa Viola B"]
[Site "Bagnara Calabra ITA"]
[Date "2008.01.04"]
[Round "3"]
[White "Zampaglione, Francesco"]
[Black "Levato, Biagio"]
[Result "1/2-1/2"]
[WhiteElo "1374"]
[BlackElo "1537"]
[PlyCount "120"]
[EventDate "2008.01.02"]

1. e4 c5 2. c3 Nc6 3. Nf3 e6 4. d4 cxd4 5. Nxd4 a6 6. Nxc6 bxc6 7. Be3 Qc7 8.
Be2 Bb7 9. O-O Nf6 10. Nd2 Be7 11. Qb3 O-O 12. Rad1 d5 13. exd5 Nxd5 14. Nc4
Nxe3 15. Nxe3 c5 16. Rd2 Rab8 17. Qa4 Bd6 18. g3 Ra8 19. Rfd1 Rfd8 20. Nc4 Be7
21. Rd7 Bc6 22. Rxc7 Bxa4 23. Rxd8+ Bxd8 24. Rxc5 Bb5 25. Bf3 Rb8 26. Nd6 Be7
27. Rc8+ Rxc8 28. Nxc8 Bf6 29. Nd6 Bd7 30. Be2 Be7 31. Nb7 Bb5 32. Bxb5 axb5
33. Na5 Kf8 34. Nb3 e5 35. Nd2 Ke8 36. f3 Kd7 37. Kf2 Kc6 38. Ke3 f5 39. f4
Bc5+ 40. Kf3 e4+ 41. Nxe4 fxe4+ 42. Kxe4 Kd6 43. b4 Bb6 44. f5 Bg1 45. h3 Bf2
46. g4 Be1 47. Kd4 Bd2 48. c4 Bxb4 49. cxb5 Kc7 50. Ke5 Bc3+ 51. Ke6 Bf6 52.
Kf7 h6 53. a4 Kb6 54. Kg6 Kc5 55. Kf7 Kb6 56. Ke6 Kc5 57. Kd7 Kb6 58. Kd6 Bg5
59. Kd5 Bf6 60. Kc4 Be7 1/2-1/2

[Event "I Festival Costa Viola B"]
[Site "Bagnara Calabra ITA"]
[Date "2008.01.04"]
[Round "4"]
[White "Altomonte, Giuseppe"]
[Black "Familari, Giuseppe"]
[Result "1/2-1/2"]
[WhiteElo "1734"]
[BlackElo "1765"]
[PlyCount "27"]
[EventDate "2008.01.02"]

1. d4 Nf6 2. c4 e5 3. d5 Bb4+ 4. Bd2 a5 5. a3 Bxd2+ 6. Qxd2 d6 7. Nc3 Na6 8.
Qc2 Bd7 9. e4 O-O 10. Bd3 Nc5 11. a4 Ng4 12. Nf3 Nh6 13. Nd2 f5 14. O-O-O
1/2-1/2

[Event "I Festival Costa Viola B"]
[Site "Bagnara Calabra ITA"]
[Date "2008.01.04"]
[Round "4"]
[White "Alvaro, Francesco"]
[Black "Cannataro, Luciano"]
[Result "1-0"]
[WhiteElo "1488"]
[BlackElo "1891"]
[PlyCount "63"]
[EventDate "2008.01.02"]

1. e4 c5 2. c3 Nc6 3. d4 d6 4. Nf3 cxd4 5. cxd4 Bg4 6. Be3 Nf6 7. Nc3 Bxf3 8.
Qxf3 g6 9. Bb5 Nd7 10. O-O Bg7 11. Ne2 O-O 12. Rac1 Rc8 13. a3 Qa5 14. Bc4 Qb6
15. Qh3 Qd8 16. b4 Nf6 17. f3 a6 18. Rfd1 e6 19. e5 Nd5 20. Bxd5 exd5 21. e6 f5
22. Nf4 Qe7 23. Bf2 g5 24. Nxd5 Qxe6 25. Nc3 Qb3 26. Qg3 h6 27. Qxd6 Qxa3 28.
Nd5 Rcd8 29. Qe6+ Kh8 30. Rc3 Qa2 31. Nf4 gxf4 32. Qxa2 1-0

[Event "I Festival Costa Viola B"]
[Site "Bagnara Calabra ITA"]
[Date "2008.01.04"]
[Round "4"]
[White "Ceravolo, Alberto"]
[Black "Arcidiaco, Francesco"]
[Result "1-0"]
[WhiteElo "1652"]
[BlackElo "1575"]
[PlyCount "127"]
[EventDate "2008.01.02"]

1. e4 e5 2. Nf3 Nc6 3. Bb5 a6 4. Ba4 b5 5. Bb3 Be7 6. O-O Nf6 7. d3 O-O 8. a3
d6 9. h3 Be6 10. Bxe6 fxe6 11. c3 Qd7 12. Re1 Nd8 13. d4 exd4 14. cxd4 Nf7 15.
Nc3 Rad8 16. Be3 c6 17. b4 Kh8 18. Qe2 Ra8 19. Bd2 e5 20. Red1 exd4 21. Nxd4
Ne5 22. Nf5 Nc4 23. Nxe7 Qxe7 24. Re1 Rae8 25. f3 d5 26. Bg5 h6 27. Bh4 d4 28.
Nd1 Qe5 29. Bxf6 Rxf6 30. Qd3 Rd8 31. Ra2 Rfd6 32. Rf2 Qg3 33. Ree2 Ne5 34. Qd2
Nc4 35. Qd3 Ne5 36. Qd2 d3 37. Re3 Nc4 38. f4 Nxe3 39. Nxe3 Qg6 40. e5 R6d7 41.
f5 Qg5 42. g4 h5 43. Rh2 Kg8 44. h4 Qf4 45. e6 Re7 46. g5 Qg3+ 47. Ng2 Rd4 48.
Qe3 Qxe3+ 49. Nxe3 d2 50. Nd1 Rd3 51. Re2 Kf8 52. f6 gxf6 53. gxf6 Re8 54. Kf2
Rh3 55. Re4 Rxa3 56. Ke2 Ra2 57. Ne3 a5 58. Nf5 axb4 59. Nd6 Raa8 60. e7+ Rxe7
61. fxe7+ Kg7 62. e8=Q Rxe8 63. Rxe8 b3 64. Kxd2 1-0

[Event "I Festival Costa Viola B"]
[Site "Bagnara Calabra ITA"]
[Date "2008.01.04"]
[Round "4"]
[White "Fariselli, Umberto"]
[Black "Zampaglione, Francesco"]
[Result "1-0"]
[WhiteElo "1512"]
[BlackElo "1374"]
[PlyCount "49"]
[EventDate "2008.01.02"]

1. e4 e5 2. Nf3 Nf6 3. Nc3 Bb4 4. d3 d5 5. Bd2 d4 6. Nb1 Bxd2+ 7. Nbxd2 O-O 8.
Nxe5 Re8 9. Nec4 Nc6 10. b3 Be6 11. Nb2 Qd6 12. g3 Ne5 13. h3 Qa3 14. Qc1 Qb4
15. Bg2 b5 16. O-O c5 17. f4 Ned7 18. f5 Bxf5 19. Rxf5 g6 20. Rf1 Nh5 21. Kh2
c4 22. bxc4 bxc4 23. Nbxc4 Rab8 24. Rb1 Qc3 25. Rxb8 1-0

[Event "I Festival Costa Viola B"]
[Site "Bagnara Calabra ITA"]
[Date "2008.01.04"]
[Round "4"]
[White "Gad, Alessandro"]
[Black "Carbone, Stefano"]
[Result "0-1"]
[WhiteElo "1533"]
[BlackElo "1569"]
[PlyCount "68"]
[EventDate "2008.01.02"]

1. Nf3 c5 2. b3 Nc6 3. e3 d5 4. Bb5 Bd7 5. Bb2 e6 6. O-O Nf6 7. Bxc6 Bxc6 8.
Ne5 Bb5 9. c4 Ba6 10. d3 Be7 11. Nd2 O-O 12. f4 Nd7 13. Qh5 f6 14. Nxd7 Qxd7
15. Rad1 b5 16. Rf3 Rf7 17. cxd5 Qxd5 18. Qxd5 exd5 19. Rc1 b4 20. d4 Rc8 21.
dxc5 Rxc5 22. e4 Rxc1+ 23. Bxc1 dxe4 24. Nxe4 Bb7 25. Re3 Bf8 26. Kf1 Rc7 27.
Bb2 Rc2 28. Bd4 Rxa2 29. h4 a5 30. g4 Bd5 31. Nc5 Kf7 32. Nd7 Bd6 33. f5 Rh2
34. Rd3 Bc6 0-1

[Event "I Festival Costa Viola B"]
[Site "Bagnara Calabra ITA"]
[Date "2008.01.04"]
[Round "4"]
[White "Garofalo, Massimo"]
[Black "Rametta, Marcello"]
[Result "1-0"]
[WhiteElo "1745"]
[BlackElo "1741"]
[PlyCount "122"]
[EventDate "2008.01.02"]

1. e4 c5 2. Nf3 Nc6 3. d4 cxd4 4. Nxd4 Nxd4 5. Qxd4 e6 6. Nc3 a6 7. Be2 b5 8.
O-O Bb7 9. Rd1 Rc8 10. Bf4 Nf6 11. a3 Bc5 12. Qd3 Qb6 13. Bg3 O-O 14. e5 Nd5
15. Ne4 Be7 16. b3 f5 17. exf6 Nxf6 18. Nd6 Rc5 19. c4 Ba8 20. cxb5 Rd5 21. Nc4
Qxb5 22. Qc2 Rc5 23. b4 Rcc8 24. Qd3 Be4 25. Qd4 d5 26. Qe5 Bf5 27. Ne3 Bd6 28.
Qxf5 exf5 29. Bxb5 Bxg3 30. hxg3 axb5 31. Nxd5 Rce8 32. Nxf6+ Rxf6 33. Rd5 Rb8
34. Rc1 g6 35. Rcc5 Rfb6 36. Rd7 R6b7 37. Rc8+ Rxc8 38. Rxb7 Rc3 39. Rxb5 Rxa3
40. Rb7 Rb3 41. Kh2 h6 42. Kg1 Rb1+ 43. Kh2 Rb2 44. f3 Rb1 45. b5 Rb2 46. Kg1
Rb1+ 47. Kf2 Rb2+ 48. Ke3 Rxg2 49. b6 Rb2 50. Kd4 g5 51. Ke5 g4 52. f4 Rb3 53.
Kf6 Rxg3 54. Kg6 Kf8 55. Rb8+ Ke7 56. b7 Rb3 57. Rh8 h5 58. b8=Q Rxb8 59. Rxb8
h4 60. Kxf5 g3 61. Kg4 g2 1-0

[Event "I Festival Costa Viola B"]
[Site "Bagnara Calabra ITA"]
[Date "2008.01.04"]
[Round "4"]
[White "Levato, Biagio"]
[Black "Paragliola, Gennaro"]
[Result "0-1"]
[WhiteElo "1537"]
[BlackElo "1623"]
[PlyCount "78"]
[EventDate "2008.01.02"]

1. e4 b6 2. Nf3 Bb7 3. d3 e6 4. g3 Nf6 5. Bg2 d6 6. O-O Nc6 7. Nbd2 g6 8. Re1
Bg7 9. c3 O-O 10. d4 Ne7 11. e5 dxe5 12. dxe5 Ng4 13. h3 Nh6 14. Qe2 Nd5 15.
Nf1 c5 16. c4 Nb4 17. Rd1 Qc7 18. Bf4 Rad8 19. N1h2 a5 20. a3 Nc6 21. Nf1 Nf5
22. g4 Nfd4 23. Nxd4 Nxd4 24. Qe3 Nc2 25. Qc3 Nxa1 26. Rxa1 Bxg2 27. Kxg2 Rd7
28. Ng3 Rfd8 29. Re1 Qc6+ 30. Kh2 Rd3 31. Qc1 Qf3 32. Kg1 Rd1 33. Qe3 Qxe3 34.
Bxe3 Rxe1+ 35. Kg2 Bxe5 36. Nf1 Bxb2 37. Nd2 Bxa3 38. Nf3 Re2 39. Ng1 Rc2 0-1

[Event "I Festival Costa Viola B"]
[Site "Bagnara Calabra ITA"]
[Date "2008.01.04"]
[Round "4"]
[White "Mercurio, Rosario"]
[Black "Barbera, Giuseppe"]
[Result "0-1"]
[WhiteElo "1405"]
[BlackElo "1492"]
[PlyCount "117"]
[EventDate "2008.01.02"]

1. c4 c5 2. Nc3 Nc6 3. Nf3 d6 4. g3 Bf5 5. Bg2 Qd7 6. O-O Bh3 7. d4 Bxg2 8.
Kxg2 cxd4 9. Nxd4 Nxd4 10. Qxd4 a6 11. Nd5 Qc6 12. f3 e5 13. Qc3 Ne7 14. e4
Nxd5 15. exd5 Qc7 16. Bd2 g6 17. Qa5 b6 18. Qa4+ Qd7 19. Qxd7+ Kxd7 20. Rae1
Bg7 21. b3 Rac8 22. Re2 b5 23. Rc1 f5 24. Ree1 Rhe8 25. Be3 e4 26. fxe4 Rxe4
27. Bd2 Rxe1 28. Rxe1 bxc4 29. bxc4 Rxc4 30. Rc1 Rd4 31. Bc3 Rc4 32. Bd2 Ra4
33. Rc2 Bd4 34. Bg5 Ra5 35. Re2 Rxd5 36. Re7+ Kc6 37. Rxh7 Re5 38. Rh6 Re6 39.
Rh4 Bf6 40. Bxf6 Rxf6 41. Ra4 Kb5 42. Ra3 a5 43. Kf3 a4 44. Rd3 Kc4 45. Re3 d5
46. Re7 Rd6 47. Kf4 d4 48. Rc7+ Kb4 49. Rc1 Re6 50. Kg5 d3 51. Rd1 Kc3 52. h4
Kc2 53. Rf1 d2 54. Rf2 Kc1 55. Rxd2 Kxd2 56. h5 gxh5 57. Kxf5 Rb6 58. Kg5 Rb5+
59. Kh4 0-1

[Event "I Festival Costa Viola B"]
[Site "Bagnara Calabra ITA"]
[Date "2008.01.04"]
[Round "4"]
[White "Rizzuti, Pasquale"]
[Black "Luvera', Filippo"]
[Result "1-0"]
[WhiteElo "1832"]
[BlackElo "1850"]
[PlyCount "99"]
[EventDate "2008.01.02"]

1. b3 Nf6 2. Bb2 e6 3. f4 d5 4. Nf3 Bd6 5. g3 O-O 6. Bg2 c5 7. O-O Nc6 8. e3
Rb8 9. d3 Re8 10. Ne5 Qc7 11. Nxc6 bxc6 12. Bxf6 gxf6 13. Nd2 Kh8 14. c4 Rg8
15. Qf3 f5 16. e4 Bb7 17. exf5 exf5 18. Rae1 Rbe8 19. Qh5 Qd7 20. Qd1 d4 21.
Rxe8 Rxe8 22. Re1 Re3 23. Rxe3 dxe3 24. Nf1 Qe6 25. Qe2 Kg7 26. Qxe3 Bc7 27.
Qxe6 fxe6 28. Kf2 Bd8 29. Nd2 Kf6 30. Nf3 Bc7 31. Ke3 h6 32. a3 a5 33. a4 Bd6
34. h3 Bc8 35. g4 fxg4 36. hxg4 e5 37. f5 Bd7 38. Bh3 Be8 39. Nd2 h5 40. Ne4+
Ke7 41. f6+ Kd7 42. g5+ Kc7 43. Bf5 h4 44. Nxd6 Kxd6 45. g6 h3 46. Kf2 h2 47.
Kg2 Bxg6 48. Bxg6 Ke6 49. f7 Ke7 50. Kxh2 1-0

[Event "I Festival Costa Viola B"]
[Site "Bagnara Calabra ITA"]
[Date "2008.01.04"]
[Round "4"]
[White "Scalise, Sandro"]
[Black "Mileo, Miguelito"]
[Result "0-1"]
[WhiteElo "1607"]
[BlackElo "1536"]
[PlyCount "56"]
[EventDate "2008.01.02"]

1. d4 e5 2. dxe5 Nc6 3. e4 Nxe5 4. Qd5 Qe7 5. Bf4 f6 6. Nd2 Nh6 7. O-O-O c6 8.
Qb3 Qc5 9. Nh3 Nhf7 10. Be2 a5 11. Bxe5 Nxe5 12. f4 a4 13. Qg3 Nf7 14. e5 f5
15. Rhe1 b5 16. Nb1 g6 17. Ng5 Nxg5 18. fxg5 Bg7 19. Bd3 O-O 20. Qf4 Kh8 21.
Nd2 a3 22. c4 axb2+ 23. Kxb2 Qa3+ 24. Kc2 Qxa2+ 25. Kc3 c5 26. cxb5 Ra3+ 27.
Nb3 Rxb3+ 28. Kc4 Rb4+ 0-1